LDR 01230nam a2200277 4500 001 000000367779 003 CaOOAMICUS 005 20260522100226.0 008 260513s2026 it 000 u ita r 020 $a978-88-490-0846-3 040 $aSeMil$bita 245 00$aCura il tuo prossimo come te stesso :$bpotremo ancora curare tutti? /$ca cura di Michele Colasanto e Mario Colombo. 264 1$aRoma :$bIl pensiero scientifico,$c2026. 300 $aVI, 175 p. ;$c22 cm 650 4$aCura - Aspetti etici.$0(OLS)http://semarc/subject/45324 650 4$aCura - Medicina.$0(OLS)http://semarc/subject/39684 700 1 $aColasanto, Michele.$0(OLS)http://semarc/name/44553 700 1 $aColombo, Mario,$d<1967- >.$0(OLS)http://semarc/name/52382 850 $aSeMil 852 $aSeMil$W1$xVenegono$y1$m2E IV 380$j272394$B258462$CSeMilBibl$Z2$F258462 $81 941 1 $a7 961 $aOmaggio mons. Mario Delpini 996 $6020$a978-88-490-0846-3$9(OLS)http://semarc/number/305915 996 $6245$aCura il tuo prossimo come te stesso :$bpotremo ancora curare tutti?$9(OLS)http://semarc/title/459758 996 $6264$aRoma :$bIl pensiero scientifico$9(OLS)http://semarc/publisher/31619